LEADER 01756oam 2200529zu 450 001 9910830027703321 005 20210807004351.0 010 $a3-433-60132-1 035 $a(CKB)3400000000085589 035 $a(SSID)ssj0000682261 035 $a(PQKBManifestationID)11444992 035 $a(PQKBTitleCode)TC0000682261 035 $a(PQKBWorkID)10678293 035 $a(PQKB)11304085 035 $a(EXLCZ)993400000000085589 100 $a20160829d2002 uy 101 0 $aeng 181 $ctxt 182 $cc 183 $acr 200 10$aStructural bearings 210 31$a[Place of publication not identified]$cErnst & Sohn$d2002 215 $a1 online resource (XII, 393 p.) 300 $aBibliographic Level Mode of Issuance: Monograph 311 $a3-433-01238-5 327 $aStructure and bearing system -- Structure and bearing loads -- Bearing types -- Standards -- Approvals -- Science and research. 606 $aBridges$xBearings$zEurope 606 $aStrains and stresses$xStandards$xBearings 606 $aBridges 606 $aCivil & Environmental Engineering$2HILCC 606 $aEngineering & Applied Sciences$2HILCC 606 $aTransportation Engineering$2HILCC 615 0$aBridges$xBearings 615 0$aStrains and stresses$xStandards$xBearings 615 0$aBridges 615 7$aCivil & Environmental Engineering 615 7$aEngineering & Applied Sciences 615 7$aTransportation Engineering 676 $a624.2/52 700 $aEggert$b Helmut$0921176 702 $aKauschke$b Wolfgang 712 02$aWiley Online Library (Servicio en línea) 801 0$bPQKB 906 $aBOOK 912 $a9910830027703321 996 $aStructural bearings$92066166 997 $aUNINA LEADER 01418nam0 22003131i 450 001 UON00466676 005 20231205105146.970 010 $a88-222-3862-1 100 $a20160418d1991 |0itac50 ba 101 $aita 102 $aIT 105 $a|||| 1|||| 200 1 $aAlleanza matrimoniale e patriziato nella Firenze del '400$estudio sulla famiglia Strozzi$fLorenzo Fabbri$gpremessa di Anthony Molho 210 $aFirenze$cOlschki$d1991 215 $aXVI, 240 p., [1] carta di tav. ripieg., [4] c. di tav.$cill.$d24 cm. 410 1$1001UON00176605$12001 $aQuaderni di "Rinascimento"$fIstituto Nazionale di Studi sul Rinascimento$v12 606 $aMatrimonio$xFirenze$xSec. 15.$3UONC089344$2FI 606 $aSTROZZI $xStoria$xSec. 15.$3UONC089343$2FI 620 $aIT$dFirenze$3UONL000052 676 $a929.2$cStorie di famiglie$v21 700 1$aFABBRI$bLorenzo$3UONV231118$0167226 702 1$aMOLHO$bAnthony$3UONV115696 712 $aOlschki$3UONV246364$4650 801 $aIT$bSOL$c20260130$gRICA 899 $aSIBA - SISTEMA BIBLIOTECARIO DI ATENEO E ARCHIVIO STORICO$2UONSI 912 $aUON00466676 950 $aSIBA - SISTEMA BIBLIOTECARIO DI ATENEO E ARCHIVIO STORICO$dSI ITA II 1891 $eSI LO 49781 7 1891 996 $aAlleanza matrimoniale e patriziato nella Firenze del '400$9132138 997 $aUNIOR